Recommender systems : (رقم التسجيلة. 31907)
[ عرض عادي ]
| 000 -الفاتح | |
|---|---|
| حقل البيانات ثابتة الطول | 01062cam a22003014a 4500 |
| 001 - رقم الضبط | |
| رقم الضبط | 16309359 |
| 003 - محدد رقم الضبط | |
| رقم الضبط | OSt |
| 005 - وقت وتاريخ اخر تعامل مع التسجيلة | |
| رقم الضبط | 20150408114149.0 |
| 008 - عناصر البيانات ثابتة الطول - معلومات عامة | |
| حقل البيانات ثابتة الطول | 100629s2011 nyu b 001 0 eng |
| 010 ## - رقم ضبط مكتبة الكونجرس | |
| رقم ضبط مكتبة الكونجرس | 2010021870 |
| 020 ## - الرقم الدولى المعيارى للكتب | |
| الرقم الدولى المعيارى للكتاب | 9780521493369 (hardback) |
| 020 ## - الرقم الدولى المعيارى للكتب | |
| الرقم الدولى المعيارى للكتاب | 0521493366 (hardback) |
| 035 ## - رقم ضبط النظام | |
| رقم ضبط النظام | (OCoLC)ocn645789647 |
| 040 ## - مصدر الفهرسة | |
| وكالة الفهرسة الأصلية | DLC |
| وكالة النسخ | DLC |
| وكالة التعديل | CDX |
| -- | YDXCP |
| -- | DLC |
| 042 ## - رمز التحقق | |
| رمز التحقق | pcc |
| 050 00 - رقم طلب مكتبة الكونجرس | |
| رقم التصنيف | TK5103.485 |
| رقم المادة | .R43 2011 |
| 082 00 - رقم تصنيف ديوى العشرى | |
| رقم التصنيف | 006.3/3 |
| رقم الطبعة | 22 |
| رقم المادة | RES |
| 245 00 - بيان العنوان | |
| العنوان | Recommender systems : |
| بقية العنوان | an introduction / |
| بيان المسئوليه,etc | Dietmar Jannach ... [et al.]. |
| 260 ## - PUBLICATION, DISTRIBUTION, ETC. (IMPRINT) | |
| مكان الناشر او الموزع | New York : |
| اسم الناشر او الموزع | Cambridge University Press, |
| تاريخ النشر أو التوزيع | 2011. |
| 300 ## - الوصف المادى | |
| التعداد | 335 p. ; |
| أبعاد الوعاء | 24 cm. |
| 504 ## - تبصرة ببليوجرافية | |
| تبصرة ببليوجرافية,الخ | Includes bibliographical references and index. |
| 650 #0 - المدخل الاضافى بالموضوع-مصطلح موضوعى | |
| مصطلح موضوعي أو اسم جغرافي كعنصر مدخل | Personal communication service systems. |
| 9 (RLIN) | 12845 |
| 650 #0 - المدخل الاضافى بالموضوع-مصطلح موضوعى | |
| مصطلح موضوعي أو اسم جغرافي كعنصر مدخل | Recommender systems (Information filtering) |
| 9 (RLIN) | 39436 |
| 700 1# - المدخل الاضافى - اسم شخصى | |
| الإسم الشخصى | Jannach, Dietmar, |
| التواريخ المصاحبة للاسم | 1973- |
| 9 (RLIN) | 39437 |
| 906 ## - عنصر بيانات محلى F, LDF (RLIN) | |
| a | 7 |
| b | cbc |
| c | orignew |
| d | 1 |
| e | ecip |
| f | 20 |
| g | y-gencatlg |
| 942 ## - عناصر المدخل الإضافي( كوها) | |
| مصدر التصنيف او مخطط الترفيف | Dewey Decimal Classification |
| Koha [default] item type | كتاب |
| حالة الفقد | نموذج السعر الفعال | حالة تلف | ليس للاعارة | رقم الطلب | تاريخ الاكتساب | الموقع الحالي | الباركود | الفرع الرئيسي | Date last seen | نوع المادة فى نظام كوها | مصدر التصنيف او خطة الترفيف | Total Checkouts | Date last checked out |
|---|---|---|---|---|---|---|---|---|---|---|---|---|---|
| 2013-11-11 | 006.3/3 RES | 2013-11-11 | المكتبة المركزية بالمجمعة (CL) | 00651081 | المكتبة المركزية بالمجمعة (CL) | 2013-11-11 | كتاب | Dewey Decimal Classification | |||||
| 2013-11-11 | 006.3/3 RES | 2013-11-11 | المكتبة المركزية بالمجمعة (CL) | 00651082 | المكتبة المركزية بالمجمعة (CL) | 2023-06-18 | كتاب | Dewey Decimal Classification | 1 | 2020-09-30 | |||
| 2013-11-11 | 006.3/3 RES | 2013-11-11 | المكتبة المركزية بالمجمعة (CL) | 00651083 | المكتبة المركزية بالمجمعة (CL) | 2019-05-01 | كتاب | Dewey Decimal Classification | 1 | 2019-01-10 | |||
| 2013-11-11 | 006.3/3 RES | 2013-11-11 | مكتبة مجمع الكليات بالزلفى - طلاب (SZM) | 00651084 | مكتبة مجمع الكليات بالزلفى - طلاب (SZM) | 2013-11-11 | كتاب | Dewey Decimal Classification | |||||
| 2013-11-12 | 006.3/3 RES | 2013-11-12 | مكتبة مجمع الكليات بالزلفى - طلاب (SZM) | 00651097 | مكتبة مجمع الكليات بالزلفى - طلاب (SZM) | 2013-11-12 | كتاب | Dewey Decimal Classification | |||||
| 2013-11-12 | 006.3/3 RES | 2013-11-12 | مكتبة مجمع الكليات بالزلفى - طلاب (SZM) | 00651098 | مكتبة مجمع الكليات بالزلفى - طلاب (SZM) | 2013-11-12 | كتاب | Dewey Decimal Classification |
